[Event "SWE-chT 1920 Elite"]
[Site "Sweden"]
[Date "2019.10.19"]
[Round "2.2"]
[White "Andersson, Tom"]
[Black "Sjodahl, Pontus"]
[Result "1/2-1/2"]
[WhiteElo "2391"]
[BlackElo "2441"]
[PlyCount "83"]
[EventDate "2019.10.18"]
[EventType "team-tourn"]
[EventRounds "9"]
[EventCountry "SWE"]
[SourceTitle "CBM 192 Extra"]
[Source "Chessbase"]
[SourceDate "2019.11.06"]
[SourceVersion "1"]
[SourceVersionDate "2019.11.06"]
[SourceQuality "1"]
[WhiteTeam "Burgsvik Alva"]
[BlackTeam "Vasteras"]
[WhiteTeamCountry "SWE"]
[BlackTeamCountry "SWE"]

1. d4 Nf6 2. c4 e6 3. Nf3 d5 4. Nc3 Bb4 5. e3 0-0 6. Bd3 b6 7. 0-0 Ba6 8. Ne5 Nfd7 9. Nxd7 Qxd7 10. Qc2 Bxc3 11. Qxc3 dxc4 12. Bxc4 c5 13. dxc5 Rc8 14. b3 Bxc4 15. Bb2 f6 16. Qxc4 Rxc5 17. Qe2 Qc6 18. Rac1 Nd7 19. b4 Rxc1 20. Rxc1 Qb7 21. Qg4 Kf7 22. Qc4 b5 23. Qd3 h6 24. h4 a6 25. Rd1 Nf8 26. Qd6 Rc8 27. Bd4 Rc6 28. Qg3 Qc7 29. Qf3 Rc1 30. Bc5 Rxd1+ 31. Qxd1 Qd7 32. Qh5+ Ng6 33. g3 Qd3 34. Kh2 Qc2 35. Qf3 Qxa2 36. h5 Ne5 37. Qb7+ Kg8 38. Qa8+ Kh7 39. Qe4+ Kg8 40. Qa8+ Kh7 41. Qe4+ Kg8 42. Qa8+ 1/2-1/2